[Event "7th Americas Continental 2012"]
[Site "Mar del Plata ARG"]
[Date "2012.10.21"]
[Round "11.35"]
[White "San Martin Basualto,E"]
[Black "Fusco,L"]
[Result "0-1"]
[WhiteElo "2114"]
[BlackElo "2379"]

1.d4 Nf6 2.Bg5 e6 3.e4 h6 4.Bxf6 Qxf6 5.Nc3 d6 6.Qd2 c6 7.f4 e5 8.dxe5 dxe5
9.f5 Bb4 10.a3 Ba5 11.Nf3 Nd7 12.g4 Qe7 13.Bd3 Nf6 14.h3 Bd7 15.b4 Bc7 16.Na4 a5
17.O-O O-O 18.Kh1 Nh7 19.h4 g5 20.Nc5 Bc8 21.hxg5 hxg5 22.Kg2 axb4 23.axb4 Rxa1
24.Rxa1 b6 25.Nb3 Rd8 26.Rh1 Ba6 27.Nc1 Bxd3 28.Nxd3 f6 29.Qc3 Rd6 30.Ra1 Bb8
31.Ra8 Qb7 32.Qc4+ Kg7 33.Ra1 Nf8 34.Rh1 Qf7 35.Qc3 Nd7 36.Ra1 Qe8 37.Rh1 Qf7
38.Ra1 Nf8 39.Kf2 Qe7 40.Rh1 Rd8 41.Kg3 Rd4 42.Qe1 c5 43.bxc5 bxc5 44.Nxd4 exd4+
45.e5 c4 46.Nf2 Nd7 47.Kg2 Nxe5 48.Qe4 Qd6 49.Rb1 d3 50.cxd3 Nxd3 51.Rb7+ Kh6
52.Nxd3 cxd3 53.Kf1 Qh2 54.Qe8 Qh3+ 55.Ke1 Bg3+ 56.Kd2 Bf4+ 57.Kc3 d2+ 58.Kc2 d1=Q+
59.Kxd1 Qd3+ 60.Ke1 Bg3+  0-1

[Event "Danilo Batricevic Mem Balkan GP"]
[Site "Cetinje MNE"]
[Date "2012.10.26"]
[Round "8.3"]
[White "Miladinovic,I"]
[Black "Drenchev,P"]
[Result "1-0"]
[WhiteElo "2554"]
[BlackElo "2490"]

1.d4 Nf6 2.Bg5 e6 3.e3 c5 4.c3 cxd4 5.exd4 Be7 6.Bd3 b6 7.Nf3 Bb7 8.Nbd2 d6
9.Bxf6 Bxf6 10.Qe2 O-O 11.h4 h6 12.g4 e5 13.d5 Be7 14.g5 hxg5 15.hxg5 g6
16.Nxe5 dxe5 17.Qxe5 Bf6 18.Qxf6 Qxf6 19.gxf6 Bxd5 20.Be4 Bxe4 21.Nxe4 Re8
22.O-O-O Nc6 23.Rh4 Re5 24.f4 Rh5 25.Rxh5 gxh5 26.Rg1+ Kf8 27.Rg7 Rd8 28.Rh7 Ke8
29.Rxh5 Rd3 30.Rh8+ Kd7 31.Rf8 Ke6 32.Ng5+  1-0

[Event "13th Liberec Open 2012"]
[Site "Liberec CZE"]
[Date "2012.10.27"]
[Round "9"]
[White "Vavra,P1"]
[Black "Happel,Hen"]
[Result "1/2-1/2"]
[WhiteElo "2376"]
[BlackElo "2131"]

1.d4 Nf6 2.Bg5 e6 3.e4 d5 4.e5 h6 5.Be3 Nfd7 6.f4 c5 7.c3 Qb6 8.Qc2 Nc6 9.Nf3 Be7
10.Nbd2 O-O 11.Nb3 cxd4 12.Nfxd4 Nxd4 13.Nxd4 Qc7 14.Be2 Nc5 15.O-O Bd7 16.Bf3 a6
17.Rae1 f5 18.exf6 Bxf6 19.f5 Kh8 20.b4 e5 21.bxc5 exd4 22.cxd4 Bh4 23.g3 Bxf5
24.Qg2 Bd3 25.gxh4 Bxf1 26.Rxf1 Rae8 27.Bd2 Qd7 28.Bxd5 Rxf1+ 29.Kxf1 Rd8
30.Bf3 Qxd4 31.Be1 Qxc5 32.Qe2 Rf8 33.Kg2 b5 34.Qe4 Qa3 35.Bb4 Qxa2+ 36.Kg3 Rf6
37.Bc3 Rf8 38.Qg6 Qf7 39.Qxh6+ Kg8 40.Qe3 Re8 41.Qd4 Qg6+ 42.Kf2 Qc2+ 43.Bd2 Qf5
44.h5 Rf8 45.Qe3 Qxh5 46.Kg3 Qg6+ 47.Bg4 Qd6+ 48.Kg2 Qg6 49.h3 Re8 50.Qd4 Qe4+
51.Qxe4 Rxe4 52.Kf3 Ra4  1/2-1/2

[Event "TCh-CZE Div1 Zapad 2012-13"]
[Site "Czech Republic CZE"]
[Date "2012.10.28"]
[Round "1.3"]
[White "Vybiral,Z"]
[Black "Klima,L"]
[Result "0-1"]
[WhiteElo "2193"]
[BlackElo "2339"]

1.d4 Nf6 2.Bg5 e6 3.Nc3 d5 4.e4 Bb4 5.exd5 exd5 6.Bd3 c6 7.Ne2 Bg4 8.f3 Bc8
9.Qd2 Nbd7 10.a3 Be7 11.Ng3 Nb6 12.O-O-O O-O 13.Rhe1 Be6 14.Bf5 Nc4 15.Qd3 Qb6
16.Na4 Qb5 17.Qb3 h6 18.Bxf6 Bxf6 19.f4 Bh4 20.Qxb5 cxb5 21.Bxe6 fxe6 22.Nc3 Rxf4
23.Rxe6 Rf2 24.Nxd5 Rc8 25.Re2 Rcf8 26.Nc3 Bxg3 27.hxg3 Rxe2 28.Nxe2 Rf2
29.Nc3 Rxg2 30.Nxb5 a6 31.d5 axb5 32.d6 Nxd6 33.Rxd6 Rxg3 34.Rd7 h5 35.Rxb7 h4
36.Rb8+ Kh7 37.Rxb5 g6 38.Rb7+ Kh6 39.Rb8 h3 40.Rh8+ Kg7 41.Rh4 g5 42.Rh5 g4
43.b4 Kg6 44.Rh8 Rxa3 45.Kb2 Ra6 46.b5 Rb6 47.c4 Kg7 48.Rh4 Rg6 49.c5 g3
50.c6 g2 51.c7 g1=Q 52.Rc4 Rg2+ 53.Kc3 Qc1+ 54.Kb4 Qxc4+  0-1

[Event "TCh-FIN SM 2012-13"]
[Site "Sastamala FIN"]
[Date "2012.10.28"]
[Round "5.2"]
[White "Pohjala,H"]
[Black "Mertanen,J"]
[Result "1/2-1/2"]
[WhiteElo "2306"]
[BlackElo "2390"]

1.d4 Nf6 2.Bg5 e6 3.Nf3 c5 4.e3 h6 5.Bf4 Nc6 6.c3 d5 7.Nbd2 Bd6 8.Bg3 O-O
9.Bd3 Bxg3 10.hxg3 Qd6 11.dxc5 Qxc5 12.e4  1/2-1/2

[Event "Vizag GM Open 2012"]
[Site "Visakhapatnam IND"]
[Date "2012.10.29"]
[Round "5.5"]
[White "Abdulla,AlR"]
[Black "Rathnakaran,K"]
[Result "1/2-1/2"]
[WhiteElo "2513"]
[BlackElo "2439"]

1.d4 Nf6 2.Bg5 e6 3.Nd2 Be7 4.c3 b6 5.e4 d5 6.Bxf6 Bxf6 7.Bd3 c5 8.Ngf3 Nc6
9.e5 Be7 10.O-O Bd7 11.Re1 g5 12.Nf1 g4 13.N3d2 h5 14.dxc5 bxc5 15.c4  1/2-1/2

[Event "Chigorin Memorial"]
[Site "St Petersburg RUS"]
[Date "2012.11.04"]
[Round "9.33"]
[White "Vlasenko,M"]
[Black "Ionov,S"]
[Result "0-1"]
[WhiteElo "2400"]
[BlackElo "2550"]

1.d4 Nf6 2.Bg5 e6 3.Nf3 h6 4.Bxf6 Qxf6 5.e4 d6 6.Nc3 Nd7 7.Qd2 a6 8.O-O-O Qe7
9.h4 g6 10.Re1 Bg7 11.Nd5 Qd8 12.Ne3 b5 13.h5 g5 14.Ng4 O-O 15.e5 f5 16.exf6 Nxf6
17.Nfh2 Nxg4 18.Nxg4 e5 19.Be2 exd4 20.Bf3 c6 21.Nh2 d5 22.Bg4 Qd6 23.g3 Bd7
24.Re2 Rae8 25.Rhe1 c5 26.Bxd7 Qxd7 27.Ng4 Qf7 28.Qd1 c4 29.b3 Kh7 30.f3 Rxe2
31.Qxe2 Qxh5 32.Qe6 Qf7 33.Qd6 Qxf3 34.Ne5 Qf2 35.Kd1 d3 36.cxd3 c3 37.Re2 Qf1+
38.Re1 c2+ 39.Kxc2 Qxe1 40.Qg6+ Kh8 41.Nf7+ Rxf7  0-1

[Event "WY BU16 2012"]
[Site "Maribor SLO"]
[Date "2012.11.09"]
[Round "2.10"]
[White "Batchelor,Peter J"]
[Black "Girish,A"]
[Result "0-1"]
[WhiteElo "2138"]
[BlackElo "2367"]

1.d4 Nf6 2.Bg5 e6 3.Nf3 h6 4.Bh4 b6 5.e3 Bb7 6.Nbd2 c5 7.c3 Be7 8.Be2 O-O
9.O-O d6 10.a4 Nbd7 11.a5 Bc6 12.b4 b5 13.dxc5 dxc5 14.bxc5 Rc8 15.Nd4 Nxc5
16.Nxb5 Bxb5 17.Bxb5 Nd5 18.Bxe7 Qxe7 19.Bc4 Ne4 20.Nxe4 Rxc4 21.Ra4 Rfc8
22.Qb3 Qc7 23.Rxc4 Qxc4 24.Qb7 Rc7 25.Qb8+ Kh7 26.Qb1 f5 27.Nd6 Qc5 28.c4 Nxe3
29.fxe3 Qxd6 30.e4 Qd4+ 31.Rf2 fxe4 32.g3 Rxc4 33.Kg2 Qd3 34.Qa1 Rc2 35.Qe1 Qf3+
36.Kg1 Qxf2+ 37.Qxf2 Rxf2 38.Kxf2 Kg6  0-1

[Event "TCh-CZE Div1 Zapad 2012-13"]
[Site "Czech Republic CZE"]
[Date "2012.11.11"]
[Round "2.5"]
[White "Tichy,Vl"]
[Black "Ringel,Z"]
[Result "0-1"]
[WhiteElo "2237"]
[BlackElo "2266"]

1.d4 Nf6 2.Bg5 e6 3.Nd2 h6 4.Bh4 c5 5.e3 b6 6.Ne4 g5 7.Nxf6+ Qxf6 8.Bg3 Nc6
9.c3 cxd4 10.exd4 Bg7 11.Bd6 Bb7 12.Nf3 Bf8 13.d5 exd5 14.Bxf8 Kxf8 15.Be2 Re8
16.O-O Kg7 17.Qd2 Re4 18.Rfd1 Rhe8 19.Bf1 Rf4 20.Re1 Rxe1 21.Nxe1 d4 22.g3 Rf5
23.Bh3 Re5 24.Rd1 Ba6 25.c4 Bxc4 26.Nd3 Ra5 27.a3 Bxd3 28.Qxd3 Ne5 29.Qe4 d5
30.Qf5 Qxf5 31.Bxf5 Nc4 32.b3 Nd6 33.Bc2 Kf6 34.a4 Rc5 35.Rd2 Rc3 36.Kg2 Ke5
37.f3 f5 38.Kf2 a5 39.Re2+ Ne4+ 40.fxe4 dxe4 41.Bd1 Rc1 42.Re1 e3+ 43.Kf1 Ke4
44.Bf3+ Kxf3 45.Rxc1 d3 46.Rc3 e2+ 47.Ke1 Ke3 48.h4 f4 49.hxg5 hxg5 50.gxf4 gxf4
51.b4 f3  0-1

[Event "WY BU16 2012"]
[Site "Maribor SLO"]
[Date "2012.11.11"]
[Round "4.32"]
[White "Batchelor,Peter J"]
[Black "Benidze,G"]
[Result "1/2-1/2"]
[WhiteElo "2138"]
[BlackElo "1965"]

1.d4 Nf6 2.Bg5 e6 3.e4 c5 4.d5 Qb6 5.Nc3 Qxb2 6.Nge2 Qb6 7.Rb1 Qa5 8.Rb5 Qc7
9.f4 a6 10.Rb1 b5 11.g3 b4 12.e5 Ng4 13.Bh3 h5 14.Bxg4 hxg4 15.O-O bxc3 16.f5 c4
17.Nxc3 Bc5+ 18.Kh1 Bb7 19.fxe6 dxe6 20.Qxg4 Ra7 21.Qxc4 exd5 22.Qg4 Qc6
23.Rfe1 Qe6 24.Qxe6+ fxe6 25.Na4 Nd7 26.Nxc5 Nxc5 27.Kg1 Bc8 28.c4 dxc4 29.Rec1 Rb7
30.Rxb7 Nxb7 31.Rxc4 O-O 32.h4 Kh7 33.Rc7 Kg6 34.g4 Na5 35.Rc5 Nb7 36.Rc7 a5
37.a4  1/2-1/2

[Event "Brno Open 2012"]
[Site "Brno CZE"]
[Date "2012.11.12"]
[Round "3"]
[White "Chudinovskikh,A"]
[Black "Kastner,O"]
[Result "1-0"]
[WhiteElo "2267"]
[BlackElo "2092"]

1.d4 Nf6 2.Bg5 e6 3.Nf3 d5 4.e3 Nbd7 5.Bd3 h6 6.Bh4 Bd6 7.c4 c6 8.Nc3 Qa5
9.O-O O-O 10.a3 dxc4 11.Bxc4 Qh5 12.Be2 Ng4 13.h3 Nh2 14.Ne4 Nxf1 15.Nxd6 g5
16.g4 Qg6 17.Qxf1 gxh4 18.Nxh4 Qg5 19.Ng2 Qe7 20.Ne4 Nf6 21.Ng3 Kg7 22.f4 Rh8
23.Rc1 Bd7 24.Rc5 Nd5 25.e4 b6 26.Rc2 Nc7 27.e5 Rac8 28.f5 Kf8 29.Ne4 Ke8
30.Nd6+ Kd8 31.f6 Qf8 32.Nf4 Rb8 33.Bf3 Nb5 34.Nxb5 cxb5 35.d5 Rc8 36.dxe6 fxe6
37.Ng6 Rxc2 38.Nxf8 Rxf8 39.Qd3 Rxb2 40.Qh7 Re8 41.f7 Rf8 42.Qg7  1-0

[Event "WY BU18 2012"]
[Site "Maribor SLO"]
[Date "2012.11.12"]
[Round "5.27"]
[White "Havas,Ja"]
[Black "Leiva,G"]
[Result "0-1"]
[WhiteElo "2135"]
[BlackElo "2378"]

1.d4 Nf6 2.Bg5 e6 3.e3 c5 4.c3 b6 5.Nd2 Bb7 6.Ngf3 Be7 7.Bd3 Nc6 8.Qe2 cxd4
9.exd4 Nd5 10.Bxe7 Ncxe7 11.g3 O-O 12.O-O Rc8 13.a3 Nf6 14.Ne4 Nxe4 15.Bxe4 Qc7
16.Bxb7 Qxb7 17.Ne5 d6 18.Nd3 Rfe8 19.Rfe1 Nd5 20.Qf3 Qd7 21.Nb4 Nf6 22.Rad1 a5
23.Nd3 b5 24.Nf4 Rc4 25.Re3 Rec8 26.h4 b4 27.axb4 axb4 28.Ra1 bxc3 29.bxc3 d5
30.Nh5 Nxh5 31.Qxh5 Rxc3 32.Rxc3 Rxc3 33.Ra8+ Rc8 34.Rxc8+ Qxc8 35.Qe5 Qd8
36.Kg2 h6 37.Qe3 Qf6 38.Qc3 Qf5 39.Kg1 Qe4 40.Kh2 Kh7 41.f4 Qe2+ 42.Kh3 h5
43.Qc5 Qf1+ 44.Kh2 Qf2+ 45.Kh3 Qg1 46.Qc2+ Kh6 47.Qd2 Qh1+ 48.Qh2 Qxh2+ 49.Kxh2 Kg6
50.Kg2 Kf5 51.Kf3 f6 52.Ke3 e5  0-1

[Event "CBX IM Salvador 2012"]
[Site "Salvador BRA"]
[Date "2012.11.13"]
[Round "9.4"]
[White "Rodi,L"]
[Black "Zallio,L"]
[Result "1-0"]
[WhiteElo "2354"]
[BlackElo "2123"]

1.d4 Nf6 2.Bg5 e6 3.e4 Be7 4.Nd2 d5 5.e5 Nfd7 6.Bxe7 Qxe7 7.f4 c5 8.Ngf3 cxd4
9.Bd3 h6 10.Nb3 Nc6 11.Qd2 Nc5 12.Nbxd4 Nxd3+ 13.Qxd3 Qb4+ 14.Kf2 O-O 15.g3 Bd7
16.Kg2 Rac8 17.Nb3 a5 18.Qe3 Ne7 19.c3 Qb5 20.Nfd4 Qb6 21.Rhe1 Kh8 22.Nc2 Qxe3
23.Rxe3 Nf5 24.Rd3 Bb5 25.Rd2 Ba4 26.g4 Nh4+ 27.Kg3 Ng6 28.Nxa5 Rc7 29.Nb3 Ra8
30.Re1 Bxb3 31.axb3 Ra2 32.Nb4 Rxc3+ 33.Kf2 Rxb2 34.Rxb2 Nxf4 35.Re3 Nh3+
36.Ke2 Nf4+ 37.Kf3  1-0

[Event "FIDE WCh Women World Cup"]
[Site "Khanty-Mansiysk RUS"]
[Date "2012.11.14"]
[Round "2.1"]
[White "Muzychuk,M"]
[Black "Arribas Robaina,M"]
[Result "1-0"]
[WhiteElo "2476"]
[BlackElo "2273"]

1.d4 Nf6 2.Bg5 e6 3.e4 h6 4.Bxf6 Qxf6 5.Nc3 Bb4 6.Qd2 O-O 7.Nf3 d6 8.O-O-O Nd7
9.Qe3 c5 10.e5 dxe5 11.dxe5 Qe7 12.Ne4 Ba5 13.Bb5 Rd8 14.Bxd7 Bxd7 15.Qxc5 Qxc5
16.Nxc5 Bc6 17.Rxd8+ Rxd8 18.Rd1 Rc8 19.Nd3 Be4 20.Nde1 Kf8 21.g3 Ke7 22.Nd4 g5
23.c3 Bc7 24.f3 Bg6 25.f4 gxf4 26.gxf4 Be4 27.Nd3 Bb6 28.Kd2 Rg8 29.Ke3 Bf5
30.Kf2 Be4 31.Rd2 Bd5 32.Nb4 Be4 33.Ke3 Bf5 34.Kf3 Bg4+ 35.Ke4 Bh3 36.f5 exf5+
37.Nxf5+ Bxf5+ 38.Kxf5 Rg5+ 39.Kf4 Ke8 40.Nd5 Bd8 41.Nf6+ Bxf6 42.exf6 Rg1
43.Re2+ Kd7 44.Re7+  1-0

[Event "8th Chervonograd IM"]
[Site "Chervonograd UKR"]
[Date "2012.11.15"]
[Round "2.4"]
[White "Malyi,V"]
[Black "Bakunc,R"]
[Result "1-0"]
[WhiteElo "2350"]
[BlackElo "2222"]

1.d4 Nf6 2.Bg5 e6 3.e4 h6 4.Bxf6 Qxf6 5.Nc3 d6 6.Qd2 g5 7.O-O-O Bg7 8.g3 Nc6
9.Bb5 Bd7 10.Bxc6 Bxc6 11.f4 O-O-O 12.Nf3 gxf4 13.gxf4 Rhg8 14.Rhg1 Bh8 15.Qe3 b6
16.e5 Qe7 17.exd6 Qxd6 18.Rxg8 Rxg8 19.Ne5 Be8 20.d5 Qc5 21.Qe4 f5 22.Qf3 exd5
23.Nxd5 c6 24.b4 Qf8 25.Qc3 Kb7 26.Ne3 Bxe5 27.fxe5 f4 28.Nc4 f3 29.Nd6+ Kc7
30.Nxe8+ Qxe8 31.Qxf3 Rg5 32.Re1 Qe6 33.a3 h5 34.Qf6 Qxf6 35.exf6 Rf5 36.Re7+ Kd6
37.Rxa7 Rxf6 38.Rh7 Rf5 39.Kb2 b5 40.h4 Kd5 41.Kb3 Rf3+ 42.c3 Rf5 43.Rh6 Re5
44.a4 bxa4+ 45.Kxa4 c5 46.Rg6 Rf5 47.Ka5 cxb4 48.cxb4 Kc4+ 49.Ka4 Rf4 50.Rc6+ Kd4
51.b5 Rxh4 52.Ka5 Rh1 53.b6 Ra1+ 54.Kb5 Rb1+ 55.Ka6 Ra1+ 56.Kb7 Ra5 57.Kc7 Kd5
58.b7 Ra7 59.Rh6  1-0

[Event "22nd World Seniors Open"]
[Site "Kamena Vourla GRE"]
[Date "2012.11.15"]
[Round "3.10"]
[White "Okhotnik,V"]
[Black "Valenti,G"]
[Result "1-0"]
[WhiteElo "2433"]
[BlackElo "2169"]

1.d4 Nf6 2.Bg5 e6 3.e3 c5 4.c3 Be7 5.Bd3 b6 6.Nd2 Bb7 7.Ngf3 cxd4 8.exd4 d6
9.Bxf6 Bxf6 10.Qe2 Nd7 11.h4 h6 12.O-O-O Qc7 13.Kb1 O-O-O 14.Ba6 Kb8 15.Bxb7 Qxb7
16.g4 g6 17.Rhg1 Rde8 18.Qd3 Be7 19.Rge1 Nf6 20.Rg1 Rd8 21.c4 h5 22.g5 Nd7
23.Rc1 Rhe8 24.Qe3 Ka8 25.Rc3 Rc8 26.Rgc1 d5 27.c5 bxc5 28.dxc5 Nxc5 29.Rxc5 Bxc5
30.Rxc5 Rxc5 31.Qxc5 Rc8 32.Qd6 Qb5 33.a3 Qd3+ 34.Ka2 Qc2 35.Qf4 Rb8 36.Qd4 Rc8
37.Ne5 Rc7 38.Nb3 Qe2 39.f3 Qb5 40.a4 Qe8 41.Nc5 Qc8 42.Ned3 Rc6 43.b4 Qd8
44.Kb3 Rc8 45.f4 a5 46.b5 Qb6 47.Kc3 Ka7 48.Kd2 Ka8 49.Ke3 Qd6 50.Kf3 Qb6
51.Qg7 Qd6 52.Qc3 Qb6 53.Qa3 Qd6 54.Qc1 Ka7 55.Qe3 Qb6 56.Nd7 Qxe3+ 57.Kxe3 Rc4
58.N3c5 Rb4 59.b6+ Rxb6 60.Nxb6 Kxb6 61.Nb3  1-0

[Event "WY BU18 2012"]
[Site "Maribor SLO"]
[Date "2012.11.15"]
[Round "8.24"]
[White "Apryshko,G"]
[Black "Ahvenjarvi,Jani"]
[Result "1/2-1/2"]
[WhiteElo "2328"]
[BlackElo "2218"]

1.d4 Nf6 2.Bg5 e6 3.Nc3 h6 4.Bh4 d5 5.Qd3 Be7 6.Nf3 Nbd7 7.Bg3 O-O 8.e4 dxe4
9.Nxe4 Nxe4 10.Qxe4 Nf6 11.Qe3 c5 12.O-O-O Qb6 13.d5 Bd8 14.d6 Bd7 15.Ne5 a6
16.Bh4 Bc6 17.Bc4 Nd5 18.Bxd5 exd5 19.Be7 Bxe7 20.dxe7 Rfe8 21.Nd3 d4 22.Qe5 c4
23.Nc5 c3 24.Nb3 a5 25.Qxd4 cxb2+ 26.Kxb2 Qc7 27.Qd6 Qxe7 28.Qxe7 Rxe7 29.f3 Re2
30.Rd2 Rxd2 31.Nxd2 Re8 32.Nb3 Re2 33.Rg1 Re5 34.Rd1 a4 35.Nd4 Be8 36.Kc3 f6
37.Kb4 g5 38.c4 Kf8 39.Rd2 Re1 40.Nf5 Rb1+ 41.Ka3 b5 42.Rb2 Rxb2 43.Kxb2 bxc4
44.Nxh6 Ke7 45.Nf5+ Kd7 46.Ne3 Kd6 47.Kc3 Kc5 48.a3 Bd7 49.Nxc4 f5 50.Ne5 Be8
51.Nc4 Bc6 52.Ne3 Bd7 53.h3 Be6 54.Nd1 Bd5 55.Nf2 Bb7 56.Nd3+ Kd5 57.f4 gxf4
58.Nxf4+ Ke4 59.Nd3 Ke3 60.g4 f4 61.g5 Be4 62.Ne5 f3 63.Ng4+ Kf4 64.Kd4 Bf5
65.Nf2 Kg3 66.Ke3 Bg6 67.Ng4 Bf5 68.Nf2 Bg6 69.Nh1+ Kg2 70.Nf2 Kg3 71.Nd1 Bc2
72.Nc3 Kg2 73.Nd5 f2 74.Kd2 Kxh3 75.Ke2 Kg3 76.Ne3 Bg6 77.Nf1+ Kg2 78.Ne3+ Kg1
79.Kd2 Be8 80.Kc3 f1=Q  1/2-1/2

[Event "VIII Governor's Cup"]
[Site "Khanty-Mansiysk RUS"]
[Date "2012.11.17"]
[Round "3.16"]
[White "Kabanov,N"]
[Black "Belyakov,B"]
[Result "1-0"]
[WhiteElo "2486"]
[BlackElo "2388"]

1.d4 Nf6 2.Bg5 e6 3.e4 h6 4.Bxf6 Qxf6 5.c3 d6 6.Nf3 e5 7.Nbd2 Nd7 8.Bc4 g6
9.O-O Bg7 10.Re1 O-O 11.a4 a5 12.Ba2 Nb6 13.h3 Kh8 14.Nf1 Bd7 15.Bb3 Rae8
16.Bc2 Bc6 17.Bd3 Qd8 18.Bb5 Bxb5 19.axb5 exd4 20.cxd4 a4 21.Qd3 Re7 22.N1d2 Qe8
23.b3 axb3 24.Qxb3 Kh7 25.Rec1 f5 26.e5 Qd7 27.Nc4 Nxc4 28.Qxc4 dxe5 29.dxe5 Bxe5
30.Ra7 Bb2 31.Rb1 Bg7 32.Rxb7 Qd6 33.Rc1 Rff7 34.Qb3 Rd7 35.b6 Qf4 36.Re1 g5
37.bxc7 Rxc7 38.Qxf7 Rxf7 39.Rxf7 Kg6 40.Rd7 Bf6 41.Re6 Qc1+ 42.Kh2 Qf4+
43.Kh1 g4 44.Ng1 Qxf2 45.Rdd6 Kg5 46.Rxf6 h5 47.Rf7 Kh4 48.Rd3 Qc2 49.Re3 Qc5
50.g3+ Kg5 51.h4+ Kg6 52.Rfe7 f4 53.gxf4 Qc6+ 54.Kh2 Kf5 55.Ne2 g3+ 56.Nxg3+ Kg4
57.Rg7+ Kxf4 58.Re4+  1-0

[Event "FIDE WCh Women World Cup"]
[Site "Khanty-Mansiysk RUS"]
[Date "2012.11.17"]
[Round "3.1"]
[White "Muzychuk,M"]
[Black "Zhao Xue"]
[Result "1/2-1/2"]
[WhiteElo "2476"]
[BlackElo "2565"]

1.d4 Nf6 2.Bg5 e6 3.e4 h6 4.Bxf6 Qxf6 5.Nc3 Bb4 6.e5 Qe7 7.Qd2 d6 8.a3 Ba5
9.Nf3 Bd7 10.O-O-O Bc6 11.Qe3 O-O 12.Be2 Re8 13.Ne4 Nd7 14.h4 Bb6 15.Qf4 f5
16.Nc3 dxe5 17.Nxe5 Nxe5 18.Qxe5 Qd6 19.Qxd6 cxd6 20.Bh5 Rf8 21.d5 exd5 22.Nxd5 Bxd5
23.Rxd5 Bxf2 24.Rxd6 Rad8 25.Rxd8 Rxd8 26.Bf3 b6  1/2-1/2

[Event "WY BU16 2012"]
[Site "Maribor SLO"]
[Date "2012.11.18"]
[Round "11.19"]
[White "Batchelor,Peter J"]
[Black "Lkhagvasuren,Tsedvee"]
[Result "1/2-1/2"]
[WhiteElo "2138"]
[BlackElo "2302"]

1.d4 Nf6 2.Bg5 e6 3.e4 h6 4.Bxf6 Qxf6 5.c3 d6 6.Bd3 e5 7.Ne2 Nc6 8.O-O g5
9.Na3 a6 10.Nc2 h5 11.b4 Ne7 12.Ne3 Bh6 13.b5 axb5 14.Bxb5+ c6 15.Ba4 g4
16.Nd5 Nxd5 17.exd5 b5 18.Bb3 Bb7 19.Qd3 Qg6 20.Qxg6 fxg6 21.dxc6 Bxc6 22.dxe5 dxe5
23.Rad1 Rd8 24.Rxd8+ Kxd8 25.Bf7 Be4 26.Ng3 Bc2 27.Bb3 Bxb3 28.axb3 Ke7 29.h3 gxh3
30.gxh3 Ra8 31.Kg2 Ke6 32.Kf3 Rd8 33.Ne4 Kf5 34.Ng3+ Ke6 35.Ne4 b4 36.cxb4 Rd4
37.Ra1 Rxb4 38.Ra6+ Kf7 39.Ra7+ Ke6 40.Ra6+ Ke7 41.Ra7+ Ke6  1/2-1/2

[Event "VIII Governor's Cup B"]
[Site "Khanty-Mansiysk RUS"]
[Date "2012.11.20"]
[Round "5"]
[White "Gordeev,S"]
[Black "Ivanets,V RUS"]
[Result "1-0"]
[WhiteElo "2043"]
[BlackElo "2203"]

1.d4 Nf6 2.Bg5 e6 3.Nd2 Be7 4.e3 O-O 5.Bd3 d6 6.Ngf3 Nbd7 7.O-O Re8 8.c4 e5
9.Qc2 g6 10.b4 Ng4 11.Bxe7 Qxe7 12.c5 dxc5 13.bxc5 c6 14.h3 Ngf6 15.Bc4 Kg7
16.Ng5 Rf8 17.f4 exd4 18.exd4 Qe3+ 19.Kh2 Qxd4 20.Nb3 Ng4+ 21.hxg4 Qf6 22.Qf2 h6
23.Ne4  1-0

[Event "VIII Governor's Cup B"]
[Site "Khanty-Mansiysk RUS"]
[Date "2012.11.21"]
[Round "6"]
[White "Pavlova,N"]
[Black "Sazonova,A"]
[Result "1/2-1/2"]
[WhiteElo "1770"]
[BlackElo "2103"]

1.d4 Nf6 2.Bg5 e6 3.e4 Be7 4.e5 Nd5 5.Bxe7 Nxe7 6.g3 O-O 7.Bg2 d5 8.Ne2 c5
9.O-O Nbc6 10.dxc5 Qa5 11.f4 Qxc5+ 12.Kh1 Nf5 13.Qc1 Ne3 14.Rf3 Nxg2 15.Kxg2 b5
16.Nd2 Bb7 17.Rc3 Qb6 18.Nf3 Rac8 19.a3 d4 20.Rd3 b4 21.Qg1 Rfd8 22.Qf2 Na5
23.Nxd4 Bxf3+ 24.Kxf3 Qb7+ 25.Kg4 Nc4 26.axb4 Nxb2 27.Rb3 Nc4 28.c3 Qe4 29.Kh3 h5
30.Rxa7 Ne3 31.Qf3 Rxd4 32.Qxe4 Rxe4 33.b5 g5 34.b6 g4+ 35.Kh4 Kg7 36.Kxh5 Rh8+
37.Kg5 Rg8 38.b7 Kf8+ 39.Kh5 Rh8+  1/2-1/2

[Event "VIII Governor's Cup B"]
[Site "Khanty-Mansiysk RUS"]
[Date "2012.11.21"]
[Round "6"]
[White "Ivanets,V RUS"]
[Black "Mezhevov,Valentin"]
[Result "0-1"]
[WhiteElo "2203"]
[BlackElo "2016"]

1.d4 Nf6 2.Bg5 e6 3.Nd2 Be7 4.Ngf3 d5 5.e3 Nbd7 6.c3 c5 7.Bd3 a6 8.O-O O-O
9.Rc1 Re8 10.Re1 h6 11.Bh4 Nh5 12.Bxe7 Qxe7 13.Ne5 Nhf6 14.Nxd7 Bxd7 15.e4 dxe4
16.Nxe4 cxd4 17.cxd4 Bc6 18.Nxf6+ Qxf6 19.Be4 Bxe4 20.Rxe4 Rac8 21.h3 Qg5
22.Re1 Qd5 23.b3 Rxc1 24.Qxc1 Rd8 25.Qc7 Rd7 26.Qc8+ Kh7 27.Qc5 Qxd4 28.Qxd4 Rxd4
29.Rc1 Rd7 30.Kf1 Kg6 31.Ke2 e5 32.Rc4 Kf5 33.Rc3 Ke6 34.b4 Kd5 35.Rc1 f5
36.a4 Kd6 37.g4 fxg4 38.hxg4 Rf7 39.Rd1+ Ke6 40.f3 Rf4 41.Rb1 b5 42.a5 e4
43.g5 hxg5  0-1

[Event "2nd UNAM Open Section I 2012"]
[Site "Mexico City MEX"]
[Date "2012.11.21"]
[Round "1.5"]
[White "Nunez Hirales,J"]
[Black "Macieja,B"]
[Result "0-1"]
[WhiteElo "2085"]
[BlackElo "2609"]

1.d4 Nf6 2.Bg5 e6 3.e3 h6 4.Bh4 b6 5.Nf3 Bb7 6.Nbd2 Be7 7.Bxf6 Bxf6 8.Bd3 c5
9.c3 Nc6 10.Qe2 Qc7 11.Ba6 Bxa6 12.Qxa6 cxd4 13.exd4 d5 14.Nb3 O-O 15.O-O Rfb8
16.Qd3 Be7 17.Rfe1 b5 18.Rac1 a5 19.Nbd2 Qb7 20.h3 Rd8 21.Nf1 b4 22.c4 dxc4
23.Rxc4 Qa6 24.Qc2 Rac8 25.Rc1 Na7 26.Ne3 a4 27.d5 exd5 28.Nxd5 Rxd5 29.Rxc8+ Qxc8
30.Qxc8+ Nxc8 31.Rxc8+ Kh7 32.Rc1 Bf6 33.Rb1 Rd3 34.Kf1 b3 35.a3 Rd7 36.Ke2 Rc7
37.Ne1 Bg5 38.Kd1 Rd7+ 39.Ke2 Rd2+ 40.Kf3 Bf6 41.Ke3 Rxb2 42.Rxb2 Bxb2 43.Kd3 Bxa3
44.Kc3 Bb4+ 45.Kd4  0-1

[Event "British Rapidplay"]
[Site "Leeds ENG"]
[Date "2012.11.24"]
[Round "4.3"]
[White "Weller,Jean-Luc"]
[Black "Gordon,S"]
[Result "0-1"]
[WhiteElo "2176"]
[BlackElo "2533"]

1.d4 Nf6 2.Bg5 e6 3.e4 h6 4.Bxf6 Qxf6 5.Nc3 d6 6.Qd2 c6 7.f4 e5 8.dxe5 dxe5
9.f5 Bb4 10.Nf3 Nd7 11.a3 Ba5 12.b4 Bc7 13.Nd1 a5 14.Rb1 O-O 15.g4 Qd6 16.Bd3 b5
17.g5 hxg5 18.Qxg5 Qh6 19.Rg1 Qxg5 20.Rxg5 Bd8 21.Rg2 Be7 22.Ne3 Rd8 23.Kf2 axb4
24.axb4 Ra4 25.c3 Ra3 26.Nd1 Bf6 27.Ke2 Nb6 28.Bc2 Na4 29.Rb3 Ra2 30.Ne3 c5
31.bxc5 Nxc5 32.Rb4 Nd3 33.Kf1 Nxb4 34.cxb4 Bb7 35.Ng4 Kf8 36.Nfxe5 Bxe5
37.Nxe5 Bxe4  0-1

[Event "4th OCF Thanksgiving"]
[Site "Stillwater USA"]
[Date "2012.11.25"]
[Round "8.4"]
[White "Wall,B"]
[Black "Zhong,Howard"]
[Result "1-0"]
[WhiteElo "2202"]
[BlackElo "1984"]

1.d4 Nf6 2.Bg5 e6 3.e4 h6 4.Bxf6 Qxf6 5.c3 d6 6.Bd3 Nd7 7.Ne2 e5 8.O-O Qd8
9.f4 Be7 10.Nd2 O-O 11.Ng3 c6 12.Nf5 exd4 13.cxd4 Nf6 14.g4 Bxf5 15.gxf5 Qb6
16.Nf3 c5 17.Kh1 cxd4 18.Rg1 Kh8 19.Qe1 Rac8 20.e5 dxe5 21.fxe5 Nh7 22.f6 Bxf6
23.Qe4 g6 24.exf6 Nxf6 25.Qf4 Kh7 26.Ne5 Nh5 27.Qf3 Nf6 28.Raf1 Kg7 29.Nxg6 fxg6
30.Rxg6+ Kh8 31.Rxh6+ Kg7 32.Rg6+ Kh8 33.Qh3+ Nh7 34.Rg8+ Rxg8 35.Qxh7+  1-0

[Event "XXVI Belgrade Trophy 2012"]
[Site "Belgrade SRB"]
[Date "2012.11.26"]
[Round "3.9"]
[White "Stanojevic,B"]
[Black "Nestorovic,De"]
[Result "0-1"]
[WhiteElo "2309"]
[BlackElo "2426"]

1.d4 Nf6 2.Bg5 e6 3.e3 c5 4.c3 h6 5.Bh4 d5 6.Nd2 Nc6 7.Ngf3 Qb6 8.Rb1 Bd6
9.Bd3 cxd4 10.exd4 Nh5 11.Bg3 Nxg3 12.hxg3 Bd7 13.Qe2 O-O-O 14.Ne5 Bxe5 15.dxe5 f6
16.f4 fxe5 17.fxe5 Rhf8 18.Nf3 Kb8 19.Bb5 Ne7 20.Bd3 Be8 21.Rh4 Nc6 22.Nd4 Nxd4
23.Rxd4 Rd7 24.Rf4 Rdf7 25.Rxf7 Rxf7 26.b3 Qg1+ 27.Kd2 Qh2 28.Bg6 Rf8 29.Bxe8 Qxg3
30.Rf1 Rxe8 31.Rf7 Rc8 32.c4 a6 33.Rf3 Qg5+ 34.Kc3 dxc4 35.bxc4 Qc1+ 36.Kb3 Rc6
37.Rf8+ Ka7 38.Rd8 Rb6+ 39.Ka4 Qc3  0-1

[Event "ch-Commonwealth 2012"]
[Site "Chennai IND"]
[Date "2012.11.30"]
[Round "10"]
[White "Abhilash,R"]
[Black "Rathnakaran,K"]
[Result "1/2-1/2"]
[WhiteElo "2269"]
[BlackElo "2430"]

1.d4 Nf6 2.Bg5 e6 3.e3 Be7 4.Nd2 b6 5.Bd3 Bb7 6.Ngf3 h6 7.Bh4 g5 8.Bg3 g4
9.Ne5 h5 10.e4 d6 11.Nec4 d5 12.exd5 Qxd5 13.Qe2 Nc6 14.c3 O-O-O 15.Ne3 Qg5
16.f4 Qg7 17.O-O-O Nd5 18.Nxd5 exd5 19.f5 Bg5 20.Qf2 Qh6 21.h4 Be3 22.Qf1 f6
23.Bf2 Bf4 24.g3 Bd6 25.Bc2 Rhe8 26.Qd3 Nb8 27.b4 c6 28.a4 a5 29.b5 c5 30.Kb1 c4
31.Nxc4 dxc4 32.Qxc4+ Kd7 33.Rhe1 Qf8 34.Re6 Rc8 35.Qb3 Rxe6 36.fxe6+ Ke7
37.d5 f5 38.c4 Nd7 39.exd7 Kxd7 40.Bxb6 Re8 41.Rf1 f4 42.gxf4 Bc5 43.Bxc5 Qxc5
44.Bf5+ Kd8 45.Be6 g3 46.Qxg3 Qb4+ 47.Ka1 Qxc4 48.Qg5+ Re7 49.Qg8+ Re8 50.Qg5+ Re7
51.Qg8+ Re8 52.Qg5+  1/2-1/2

[Event "4th London Classic Open"]
[Site "London ENG"]
[Date "2012.12.01"]
[Round "1"]
[White "Eriksson,Jor"]
[Black "Marshall,Mi"]
[Result "1-0"]
[WhiteElo "2213"]
[BlackElo "1898"]

1.d4 Nf6 2.Bg5 e6 3.Nd2 d5 4.e3 c5 5.c3 Nc6 6.f4 cxd4 7.exd4 h6 8.Bxf6 Qxf6
9.Nh3 Bd6 10.Qf3 O-O 11.Bd3 Bd7 12.O-O b5 13.Qe3 b4 14.Nf3 bxc3 15.bxc3 Qe7
16.Ne5 Rac8 17.Rf3 Nxe5 18.fxe5 Ba3 19.Rg3 Kh8 20.Nf4 g5 21.Nh5 f5 22.exf6 Qf7
23.Rxg5 hxg5 24.Qxg5 Be8 25.Rf1 Rc7 26.Ng7 Qd7 27.Qh6+ Kg8 28.Bh7+  1-0